Smery zvýšenia technologickej úrovne výroby kuželíkových ložísk : Diplomová práca

Salvato in:
Dettagli Bibliografici
Autore principale: Hrabovský, Peter (Autore)
Altri autori: Valentovič, Ernest, 1931- (xxx)
Natura: Manoscritto Libro
Lingua:slovacco
Pubblicazione: Trnava : STU v Bratislave MtF KOM, 1997
Soggetti:
Tags: Aggiungi Tag
Nessun Tag, puoi essere il primo ad aggiungerne!!

MARC

LEADER 00000ntm a22000003a 4500
001 stu72911
005 20160719155110.0
008 011206s1997----xo------------------slo-d
040 |a STU  |b slo 
041 0 |a slo 
044 |a xo 
100 1 |a Hrabovský, Peter  |4 aut 
245 1 |a Smery zvýšenia technologickej úrovne výroby kuželíkových ložísk :  |b Diplomová práca 
260 |a Trnava :  |b STU v Bratislave MtF KOM,  |c 1997 
300 |a 48 s 
650 7 |a Ložiská kuželíkové  |2 stusub 
650 7 |a Strojárska technológia-obrábanie  |2 stusub 
700 1 |a Valentovič, Ernest,  |d 1931-  |4 xxx  |u M160  |U MTF Ústav výrobných technológií  |T MTF Katedra obrábania a montáže  |X 3617  |U M160  |Y M160  |7 A000003617 
996 |b 284M033668  |c M*DP-1822  |l MMSKP  |s P  |a 0  |w stu72911_0001